000 00586nam a2200193Ia 4500
005 20250508162101.0
008 008 250505s9999 xx 000 0 eng d
037 _aTextual
040 _aFEDL
_beng
_cFEDL
041 _aeng
_2eng
084 _a370.193 46, CHI
_qFEDL
100 _aChickermane D. V.
_9762309
245 0 _aExperiments in rural education
260 _aKarnataka
_bResearch Centre in Rural Education
_c1978
300 _a85p
490 _aStudies and researches in rural education
942 _cTEXL
_h370.193 46, CHI
999 _c1374284
_d1374284